| 000 | 00482nam a2200181 a 4500 | ||
|---|---|---|---|
| 001 | 17200 | ||
| 005 | 20180713210316.0 | ||
| 008 | 140415s1987 000 0 spa d | ||
| 020 | _aM13581987 | ||
| 041 | _aspa | ||
| 082 |
_a940.1822 _bMED |
||
| 245 | 0 | 3 | _aEL MEDITERRANEO OTRA VEZ |
| 260 |
_a[s.l.] : _bENCUENTRO, _c1987 |
||
| 300 | _a123 | ||
| 490 |
_aLIBROS DE BOLSILLO _v35 |
||
| 650 | 1 | 4 |
_aMEDITERRANEO _xHISTORIA |
| 700 | 1 |
_aRODRIGUEZ FIERRO, MA. JOSE _etr. |
|
| 999 |
_c17200 _d17200 |
||